[Event "Krefelder SK Turm 2 - SV Turm Kamp-Lint"]
[Site "NRW-Klasse - Gruppe 3 2021/20"]
[Date "2021.12.05"]
[Round "2.6"]
[White "Arning, Peter"]
[Black "Bosser, Heinz-Dieter"]
[Result "1-0"]
[WhiteElo "1839"]
[BlackElo "1982"]
[PlyCount "55"]
[EventDate "2021.??.??"]
[SourceVersionDate "2020.03.16"]
[WhiteTeam "Krefelder SK Turm 2"]
[BlackTeam "SV Turm Kamp-Lintfort 1"]

1. g3 d5 2. Bg2 Nf6 3. Nf3 e6 4. d3 c5 5. O-O Nc6 6. Nbd2 Be7 7. e4 b6 8. Re1
Bb7 9. Qe2 O-O 10. e5 Nd7 11. Nf1 Re8 12. h4 f6 13. exf6 Bxf6 14. c3 Nf8 15.
N1h2 e5 16. Ng4 e4 17. dxe4 Rxe4 18. Nxf6+ gxf6 19. Qd1 Qd7 20. Bh6 Rd8 21. Qd2
Rxe1+ 22. Rxe1 d4 23. Qf4 Qf7 24. Bh3 Kh8 25. Ng5 Qg6 26. h5 fxg5 27. hxg6 gxf4
28. g7+ 1-0

[Event "Krefelder SK Turm 2 - SV Turm Kamp-Lint"]
[Site "NRW-Klasse - Gruppe 3 2021/20"]
[Date "2021.12.05"]
[Round "2.7"]
[White "Esser, Jochen"]
[Black "Schlickum, Hans"]
[Result "1/2-1/2"]
[WhiteElo "1944"]
[BlackElo "1815"]
[PlyCount "22"]
[EventDate "2021.??.??"]
[SourceVersionDate "2020.03.16"]
[WhiteTeam "SV Turm Kamp-Lintfort 1"]
[BlackTeam "Krefelder SK Turm 2"]

1. e4 c5 2. Nf3 g6 3. d4 cxd4 4. c3 Bg7 5. Bc4 Nc6 6. cxd4 d6 7. O-O Nf6 8. Nc3
O-O 9. Be2 b6 10. h3 Bb7 11. Be3 Rc8 1/2-1/2

[Event "Ratinger SK 1 - SG Porz 3"]
[Site "NRW-Klasse - Gruppe 3 2021/20"]
[Date "2021.12.05"]
[Round "2.1"]
[White "Gallinnis, Norbert"]
[Black "Probst, Andreas"]
[Result "1/2-1/2"]
[WhiteElo "2100"]
[BlackElo "2148"]
[PlyCount "75"]
[EventDate "2021.??.??"]
[SourceVersionDate "2020.03.16"]
[WhiteTeam "SG Porz 3"]
[BlackTeam "Ratinger SK 1"]

1. e4 c5 2. Na3 Nc6 3. g3 g6 4. h4 h5 5. Bg2 Bg7 6. Nf3 d6 7. d3 Nf6 8. Nc4 b5
9. Ne3 Bd7 10. O-O Qc8 11. Ng5 Rb8 12. c3 O-O 13. Bd2 b4 14. Qc2 bxc3 15. bxc3
Qa6 16. f4 Ng4 17. Rab1 Nxe3 18. Bxe3 Qa3 19. Bd2 Na5 20. Rxb8 Rxb8 21. Rb1 Rb6
22. Rxb6 axb6 23. Qb1 b5 24. Qc2 Nc6 25. Kh2 b4 26. cxb4 Nxb4 27. Bxb4 Qxb4 28.
Bf3 Ba4 29. Qg2 Qb1 30. e5 dxe5 31. Bd5 e6 32. Bxe6 fxe6 33. Qa8+ Bf8 34. Qxa4
Qxd3 35. fxe5 Qe2+ 36. Kh3 Qf1+ 37. Kh2 Qf2+ 38. Kh3 1/2-1/2

[Event "Ratinger SK 1 - SG Porz 3"]
[Site "NRW-Klasse - Gruppe 3 2021/20"]
[Date "2021.12.05"]
[Round "2.2"]
[White "Gatterer, Matthias"]
[Black "Thalwitzer, David"]
[Result "1/2-1/2"]
[WhiteElo "1982"]
[BlackElo "2114"]
[PlyCount "113"]
[EventDate "2021.??.??"]
[SourceVersionDate "2020.03.16"]
[WhiteTeam "Ratinger SK 1"]
[BlackTeam "SG Porz 3"]

1. d4 Nf6 2. Nf3 g6 3. c4 c5 4. Nc3 cxd4 5. Nxd4 Nc6 6. g3 Bg7 7. Bg2 O-O 8.
O-O a6 9. Nc2 Rb8 10. b3 d6 11. Bb2 Be6 12. Nd5 Bxd5 13. Bxd5 Nxd5 14. Bxg7
Kxg7 15. Qxd5 Ne5 16. Rfd1 Qc7 17. Ne3 Rfc8 18. Rac1 Qc5 19. Qd2 h5 20. h4 b5
21. cxb5 Qxb5 22. Nd5 Rxc1 23. Rxc1 Rb7 24. Nc7 Qb6 25. Nd5 Qb5 26. Nc7 Qb6 27.
Nd5 Qa7 28. Ne3 Rb5 29. Rc2 Qb7 30. Qd4 Kh7 31. Qd2 a5 32. Qc3 Rc5 33. Qd2 Rb5
34. Qc3 Ng4 35. Nxg4 hxg4 36. Qc6 Qxc6 37. Rxc6 a4 38. Rc4 axb3 39. axb3 Kg7
40. Rxg4 Rxb3 41. h5 Kh6 42. hxg6 fxg6 43. Kg2 Kg7 44. e3 d5 45. Rd4 e6 46. e4
Rb5 47. exd5 exd5 48. Kf3 Kf6 49. Ke3 Ke5 50. Rg4 Rb3+ 51. Ke2 Rb6 52. Ke3 Rf6
53. f4+ Kd6 54. Kd4 Re6 55. Rg5 Re4+ 56. Kd3 Re6 57. Kd4 1/2-1/2

[Event "Ratinger SK 1 - SG Porz 3"]
[Site "NRW-Klasse - Gruppe 3 2021/20"]
[Date "2021.12.05"]
[Round "2.3"]
[White "Evers, Leo"]
[Black "Liedtke, Dirk"]
[Result "1/2-1/2"]
[WhiteElo "2022"]
[BlackElo "2100"]
[PlyCount "47"]
[EventDate "2021.??.??"]
[SourceVersionDate "2020.03.16"]
[WhiteTeam "SG Porz 3"]
[BlackTeam "Ratinger SK 1"]

1. d4 Nf6 2. c4 g6 3. Nc3 Bg7 4. e4 O-O 5. Be3 c6 6. h3 a6 7. Qd2 b5 8. e5 Ne8
9. h4 d6 10. h5 dxe5 11. d5 f5 12. Bh6 f4 13. hxg6 hxg6 14. Bd3 Bf5 15. Nf3 e6
16. Bxg7 Nxg7 17. Bxf5 Rxf5 18. d6 Nd7 19. Ne4 bxc4 20. Ke2 Nf6 21. Nfg5 Nd5
22. Nf3 Nf6 23. Nfg5 Nd5 24. Nf3 1/2-1/2

[Event "Ratinger SK 1 - SG Porz 3"]
[Site "NRW-Klasse - Gruppe 3 2021/20"]
[Date "2021.12.05"]
[Round "2.4"]
[White "Katz, Rafael"]
[Black "Thiemonds, Uli"]
[Result "0-1"]
[WhiteElo "1955"]
[BlackElo "1993"]
[PlyCount "56"]
[EventDate "2021.??.??"]
[SourceVersionDate "2020.03.16"]
[WhiteTeam "Ratinger SK 1"]
[BlackTeam "SG Porz 3"]

1. d4 e6 2. Nf3 f5 3. g3 d5 4. Bg2 Nf6 5. O-O Bd6 6. Bf4 Bxf4 7. gxf4 O-O 8.
Nbd2 Nbd7 9. e3 Ne4 10. c4 c6 11. Qc2 Kh8 12. Rac1 Ndf6 13. b4 Bd7 14. Ne5 Qe7
15. c5 Rg8 16. Ndf3 g5 17. Nxg5 Nxg5 18. fxg5 Rxg5 19. Kh1 Rag8 20. Rg1 Be8 21.
f4 R5g7 22. Bf3 Bh5 23. Bxh5 Nxh5 24. Rxg7 Rxg7 25. Qe2 Qh4 26. Qe1 Ng3+ 27.
Kg2 Ne4+ 28. Kf3 Qxh2 0-1

[Event "Ratinger SK 1 - SG Porz 3"]
[Site "NRW-Klasse - Gruppe 3 2021/20"]
[Date "2021.12.05"]
[Round "2.5"]
[White "Paulus, Jeffrey"]
[Black "Skoerys, Fabian"]
[Result "1/2-1/2"]
[WhiteElo "1931"]
[BlackElo "1952"]
[Annotator "daniel"]
[PlyCount "140"]
[EventDate "2021.??.??"]
[SourceVersionDate "2020.03.16"]
[WhiteTeam "SG Porz 3"]
[BlackTeam "Ratinger SK 1"]

1. d4 d5 2. c4 c6 3. cxd5 cxd5 4. Nc3 Nc6 5. Nf3 Nf6 6. Bf4 g6 7. Qd2 Ne4 8.
Nxe4 dxe4 9. Ne5 Qxd4 10. Qxd4 Nxd4 11. e3 Nc6 12. Bb5 Bd7 13. Nxd7 Kxd7 14.
O-O-O+ Ke6 15. Bc4+ Kf6 16. Rd7 Rc8 17. Kb1 e6 18. Bb3 Bc5 19. h4 h6 20. Bc2 g5
21. Bg3 Rhd8 22. Rhd1 Rxd7 23. Rxd7 Rd8 24. hxg5+ hxg5 25. Rxd8 Nxd8 26. Bxe4
Ke7 27. Be5 f5 28. Bd3 Nc6 29. Bc3 Nb4 30. Bc4 Nd5 31. Be5 Nb6 32. Bd3 Nd7 33.
Bc3 Kd6 34. Kc2 Ne5 35. Be2 f4 36. exf4 gxf4 37. f3 Nc6 38. Bc4 e5 39. a3 Bd4
40. Be1 Ne7 41. Bb4+ $11 Bc5 42. Bc3 Nf5 43. Bf7 Ne3+ 44. Kd3 Nxg2 45. Ke4 Bd4
46. Bxd4 exd4 47. Kxd4 a5 48. a4 Ne1 49. Ke4 Ng2 50. Kd4 Ne1 51. Bh5 b6 52. Bg4
Ng2 53. Bh3 Ne3 54. Ke4 Nc4 55. b3 Nd2+ 56. Kxf4 Nxb3 57. Bf1 Nd4 58. Ke4 Kc5
59. f4 b5 60. Bxb5 Nxb5 61. axb5 a4 62. f5 a3 63. f6 a2 64. f7 a1=Q 65. f8=Q+
Kxb5 66. Qe8+ Kc4 67. Qc6+ Kb3 68. Qd5+ Kb2 69. Qd4+ Ka2 70. Qxa1+ Kxa1 1/2-1/2

[Event "Ratinger SK 1 - SG Porz 3"]
[Site "NRW-Klasse - Gruppe 3 2021/20"]
[Date "2021.12.05"]
[Round "2.6"]
[White "Voigt, Lothar"]
[Black "Wegener, Marcus"]
[Result "1/2-1/2"]
[WhiteElo "1882"]
[BlackElo "1957"]
[PlyCount "38"]
[EventDate "2021.??.??"]
[SourceVersionDate "2020.03.16"]
[WhiteTeam "Ratinger SK 1"]
[BlackTeam "SG Porz 3"]

1. d4 c5 2. d5 Nf6 3. c4 b5 4. Qc2 bxc4 5. e4 d6 6. Bxc4 g6 7. Nf3 Bg7 8. h3
O-O 9. O-O Na6 10. Nc3 Rb8 11. Rb1 Nd7 12. Bg5 Nc7 13. Rfe1 f6 14. Bh4 a6 15.
a4 Ne5 16. Nxe5 fxe5 17. Bg5 h6 18. Be3 Kh7 19. b3 Bd7 1/2-1/2

[Event "Ratinger SK 1 - SG Porz 3"]
[Site "NRW-Klasse - Gruppe 3 2021/20"]
[Date "2021.12.05"]
[Round "2.7"]
[White "Hackbusch, Thomas"]
[Black "Welling, Christopher"]
[Result "1-0"]
[WhiteElo "1839"]
[BlackElo "1951"]
[PlyCount "77"]
[EventDate "2021.??.??"]
[SourceVersionDate "2020.03.16"]
[WhiteTeam "SG Porz 3"]
[BlackTeam "Ratinger SK 1"]

1. d4 d5 2. c4 c6 3. Nf3 Nf6 4. Nc3 e6 5. Bg5 Nbd7 6. e3 Be7 7. Bd3 dxc4 8.
Bxc4 b5 9. Bb3 O-O 10. O-O Bb7 11. Qe2 b4 12. Na4 a5 13. Rfd1 Nd5 14. Bxe7 Qxe7
15. Rac1 Rfc8 16. Nc5 Nxc5 17. Rxc5 Nf6 18. Bc2 Ba6 19. Qd2 Bb5 20. Ne5 Ne8 21.
Be4 Qb7 22. Rdc1 Nd6 23. Bxc6 Rxc6 24. Rxc6 Bxc6 25. Rxc6 Rd8 26. Qc2 f6 27.
Nf3 Rd7 28. Qc5 Kf7 29. Nd2 Nf5 30. Nc4 h5 31. Nxa5 Qa8 32. Qxb4 Ne7 33. Rc5
Qe4 34. Rc1 Nd5 35. Qd2 h4 36. h3 f5 37. Nb3 f4 38. Nc5 fxe3 39. fxe3 1-0

[Event "Ratinger SK 1 - SG Porz 3"]
[Site "NRW-Klasse - Gruppe 3 2021/20"]
[Date "2021.12.05"]
[Round "2.8"]
[White "Meyer, Stefan"]
[Black "Sistig, Max"]
[Result "1/2-1/2"]
[WhiteElo "1715"]
[BlackElo "1924"]
[Annotator "daniel"]
[PlyCount "62"]
[EventDate "2021.??.??"]
[SourceVersionDate "2020.03.16"]
[WhiteTeam "Ratinger SK 1"]
[BlackTeam "SG Porz 3"]

1. d4 Nf6 2. c4 g6 3. Nc3 Bg7 4. e4 d6 5. h3 O-O 6. Bg5 c5 7. d5 h6 8. Be3 Na6
9. Bd3 e6 10. Nge2 exd5 11. cxd5 Nc7 12. g4 b5 13. Ng3 Re8 14. f3 Nfxd5 15. Bd2
Qh4 16. Kf2 Nb4 17. Bf1 Be5 18. Rg1 Bb7 19. Be3 a6 20. a3 Nc6 21. Rb1 Rad8 22.
Nce2 d5 23. Qc1 Bg7 24. Kg2 d4 25. Bf2 Qe7 26. b3 Ne6 27. Nf4 Nxf4+ 28. Qxf4
Rc8 29. a4 bxa4 30. bxa4 Nb4 31. Bc4 Bc6 {Rest nicht lesbar!} 1/2-1/2

[Event "Kölner SK Dr. Lasker 2 - Klub Kölner "]
[Site "NRW-Klasse - Gruppe 3 2021/20"]
[Date "2021.12.05"]
[Round "2.1"]
[White "Maric, Boris"]
[Black "Di Franco, Patrizio"]
[Result "0-1"]
[WhiteElo "2095"]
[BlackElo "2049"]
[Annotator "daniel"]
[PlyCount "70"]
[EventDate "2021.??.??"]
[SourceVersionDate "2020.03.16"]
[WhiteTeam "Klub Kölner SF 2"]
[BlackTeam "Kölner SK Dr. Lasker 2"]

1. d4 Nf6 2. c4 c5 3. d5 e5 4. Nc3 d6 5. e4 Nbd7 6. g3 g6 7. Bg2 Bg7 8. Nge2
O-O 9. O-O a6 10. a4 Nh5 11. Be3 b6 12. Qd2 Ra7 13. Nc1 f5 14. Bg5 Bf6 15. Bh6
Bg7 16. Bg5 Bf6 17. Bh6 Bg7 18. Bxg7 Nxg7 19. f4 $11 exf4 20. gxf4 fxe4 21.
Nxe4 Nf6 22. Ng3 Nf5 23. Nce2 Ng4 24. Nxf5 Bxf5 25. h3 Nh6 26. Ng3 Qh4 27. Nxf5
Nxf5 28. Rae1 Nd4 29. Re4 Qh6 30. b4 Raf7 31. Kh2 Qg7 32. Rfe1 g5 33. Rxd4 cxd4
34. fxg5 Rf2 35. Re2 Qe5+ 0-1

[Event "Kölner SK Dr. Lasker 2 - Klub Kölner "]
[Site "NRW-Klasse - Gruppe 3 2021/20"]
[Date "2021.12.05"]
[Round "2.2"]
[White "Mandt, Mathias"]
[Black "Meertens, Martin"]
[Result "1-0"]
[WhiteElo "2052"]
[BlackElo "2135"]
[PlyCount "77"]
[EventDate "2021.??.??"]
[SourceVersionDate "2020.03.16"]
[WhiteTeam "Kölner SK Dr. Lasker 2"]
[BlackTeam "Klub Kölner SF 2"]

1. d4 d5 2. c4 e6 3. Nc3 Nf6 4. Bg5 Be7 5. e3 Nbd7 6. Nf3 h6 7. Bh4 O-O 8. Bd3
c5 9. O-O b6 10. Qe2 Bb7 11. Rac1 a6 12. cxd5 exd5 13. dxc5 Nxc5 14. Bb1 Nfe4
15. Bxe7 Qxe7 16. Rfd1 Rfd8 17. Nd4 Rac8 18. f3 Nd6 19. b3 Qe5 20. Qd2 Re8 21.
Re1 Re7 22. Rcd1 Rd8 23. Nc2 Ne8 24. Nb4 Red7 25. Ne2 Nf6 26. Nd4 Rc8 27. Bf5
Ne6 28. Bh3 Rdc7 29. Nd3 Qd6 30. Nf4 Re8 31. Nf5 Qe5 32. Nd3 Qc3 33. Qe2 Qa5
34. Qb2 Rec8 35. Nxh6+ Kf8 36. Qe5 Re7 37. Nf5 Rd7 38. Nd6 Qc3 39. Nxc8 1-0

[Event "Kölner SK Dr. Lasker 2 - Klub Kölner "]
[Site "NRW-Klasse - Gruppe 3 2021/20"]
[Date "2021.12.05"]
[Round "2.3"]
[White "Raasch, Joerg"]
[Black "Hoeren, Andreas"]
[Result "1/2-1/2"]
[WhiteElo "2139"]
[BlackElo "2092"]
[PlyCount "52"]
[EventDate "2021.??.??"]
[SourceVersionDate "2020.03.16"]
[WhiteTeam "Klub Kölner SF 2"]
[BlackTeam "Kölner SK Dr. Lasker 2"]

1. d4 e6 2. Nf3 f5 3. d5 Be7 4. dxe6 dxe6 5. Qxd8+ Bxd8 6. Nc3 Nf6 7. Bf4 O-O
8. e3 Nbd7 9. Bc4 Nb6 10. Bb3 Nfd5 11. Be5 c6 12. O-O Bf6 13. Ne2 Nd7 14. Bxf6
gxf6 15. c3 Nc5 16. Bc2 Bd7 17. Ng3 Rae8 18. Rad1 Bc8 19. Rfe1 a5 20. e4 fxe4
21. Nxe4 Nxe4 22. Bxe4 Nb6 23. Bc2 e5 24. Nd2 Rd8 25. Ne4 Kg7 26. Nd6 Nd5
1/2-1/2

[Event "Kölner SK Dr. Lasker 2 - Klub Kölner "]
[Site "NRW-Klasse - Gruppe 3 2021/20"]
[Date "2021.12.05"]
[Round "2.4"]
[White "Diesner, Michael"]
[Black "Langner, Jasper"]
[Result "0-1"]
[WhiteElo "2040"]
[BlackElo "1983"]
[PlyCount "66"]
[EventDate "2021.??.??"]
[SourceVersionDate "2020.03.16"]
[WhiteTeam "Kölner SK Dr. Lasker 2"]
[BlackTeam "Klub Kölner SF 2"]

1. c4 Nc6 2. Nc3 e6 3. e4 Nd4 4. Nf3 c5 5. d3 Ne7 6. Nxd4 cxd4 7. Ne2 Nc6 8. a3
a5 9. Nf4 g6 10. g3 Bg7 11. h4 h6 12. Bg2 d6 13. O-O O-O 14. Nh3 Bd7 15. f4 a4
16. f5 exf5 17. exf5 Bxf5 18. Rxf5 gxf5 19. Qh5 Qf6 20. Nf4 Rae8 21. Bd2 Ne5
22. Bh3 Ng6 23. Nd5 Qe5 24. Bf4 Nxf4 25. Nxf4 Qe3+ 26. Kh2 Qf2+ 27. Bg2 Re3 28.
Rf1 Qxg3+ 29. Kh1 Rfe8 30. Qxf5 Re1 31. Nh5 Rxf1+ 32. Bxf1 Qxh4+ 33. Kg1 Qg5+
0-1

[Event "Kölner SK Dr. Lasker 2 - Klub Kölner "]
[Site "NRW-Klasse - Gruppe 3 2021/20"]
[Date "2021.12.05"]
[Round "2.5"]
[White "Pragua, Christoph"]
[Black "Rosenkraenzer, Torsten"]
[Result "1/2-1/2"]
[WhiteElo "2022"]
[BlackElo "2028"]
[PlyCount "46"]
[EventDate "2021.??.??"]
[SourceVersionDate "2020.03.16"]
[WhiteTeam "Klub Kölner SF 2"]
[BlackTeam "Kölner SK Dr. Lasker 2"]

1. d4 d5 2. Nf3 Nf6 3. c4 e6 4. Nc3 Bb4 5. Qa4+ Nc6 6. e3 O-O 7. Bd3 dxc4 8.
Bxc4 a6 9. Qc2 Re8 10. a3 Bd6 11. Bd2 e5 12. d5 Ne7 13. e4 c6 14. Bg5 cxd5 15.
Nxd5 Nexd5 16. Bxd5 Qa5+ 17. Bd2 Qc5 18. Qxc5 Bxc5 19. Rc1 Bd6 20. Be3 Nxd5 21.
exd5 Bg4 22. Nd2 Rac8 23. O-O Be2 1/2-1/2

[Event "Kölner SK Dr. Lasker 2 - Klub Kölner "]
[Site "NRW-Klasse - Gruppe 3 2021/20"]
[Date "2021.12.05"]
[Round "2.6"]
[White "Mews, Bernhard"]
[Black "Klemenz, Luca"]
[Result "0-1"]
[WhiteElo "1984"]
[BlackElo "1992"]
[PlyCount "66"]
[EventDate "2021.??.??"]
[SourceVersionDate "2020.03.16"]
[WhiteTeam "Kölner SK Dr. Lasker 2"]
[BlackTeam "Klub Kölner SF 2"]

1. d4 d5 2. Nc3 Nf6 3. Bf4 c5 4. e3 cxd4 5. exd4 a6 6. Nf3 Nc6 7. Ne5 Bf5 8. g4
Bg6 9. h4 h5 10. Nxg6 fxg6 11. Bd3 hxg4 12. Bxg6+ Kd7 13. Qd2 e6 14. O-O-O Qa5
15. Rhe1 Nd8 16. Qe3 Rc8 17. Bg5 Rc6 18. Kb1 Bb4 19. Rd3 b5 20. a3 Be7 21. Na2
Rf8 22. Rc3 Qb6 23. Rxc6 Qxc6 24. Qc3 Qxc3 25. Nxc3 Nc6 26. Rd1 Ng8 27. Rd2 Rf3
28. Bh5 Bxg5 29. hxg5 Rf5 30. Bxg4 Rxg5 31. Bh3 Rh5 32. Bg2 Rh4 33. Ne2 Rh2 0-1

[Event "Kölner SK Dr. Lasker 2 - Klub Kölner "]
[Site "NRW-Klasse - Gruppe 3 2021/20"]
[Date "2021.12.05"]
[Round "2.7"]
[White "Graf, Peter"]
[Black "Glaser, Steffen"]
[Result "0-1"]
[WhiteElo "1951"]
[BlackElo "1927"]
[PlyCount "82"]
[EventDate "2021.??.??"]
[SourceVersionDate "2020.03.16"]
[WhiteTeam "Klub Kölner SF 2"]
[BlackTeam "Kölner SK Dr. Lasker 2"]

1. e4 Nc6 2. Nf3 Nf6 3. e5 Nd5 4. d4 d6 5. Bb5 a6 6. Ba4 Nb6 7. Bxc6+ bxc6 8.
Bf4 Bf5 9. Nc3 e6 10. Qe2 d5 11. b3 Bb4 12. Bd2 Qe7 13. O-O O-O 14. Ne1 c5 15.
a3 Bxc3 16. Bxc3 cxd4 17. Bxd4 c5 18. Bb2 Rfd8 19. a4 a5 20. Ba3 Qc7 21. Nd3
Nd7 22. f4 c4 23. bxc4 Qxc4 24. Bd6 Rdc8 25. Rfc1 Bxd3 26. cxd3 Qxf4 27. Rf1
Qd4+ 28. Kh1 Ra6 29. Rac1 Rac6 30. Rxc6 Rxc6 31. Qh5 g6 32. Qf3 f6 33. exf6
Rxd6 34. f7+ Kf8 35. Qh3 h5 36. Qg3 e5 37. Qg5 Rf6 38. Qh6+ Kxf7 39. Rc1 Ke7
40. Qh7+ Kd6 41. h3 Qxd3 0-1

[Event "SV Turm Kamp-Lintfort 1 - Ratinger SK 1"]
[Site "NRW-Klasse - Gruppe 3 2021/20"]
[Date "2021.12.19"]
[Round "3.1"]
[White "Brosig, Boris"]
[Black "Ratering, Jona"]
[Result "1-0"]
[WhiteElo "2204"]
[BlackElo "2119"]
[PlyCount "62"]
[EventDate "2021.??.??"]
[SourceVersionDate "2020.03.16"]
[WhiteTeam "Ratinger SK 1"]
[BlackTeam "SV Turm Kamp-Lintfort 1"]

1. e4 c5 2. Nc3 Nc6 3. Nf3 e5 4. Bc4 Be7 5. d3 d6 6. h3 Nf6 7. a3 O-O 8. O-O a6
9. Nh2 b5 10. Ba2 Nd4 11. f4 exf4 12. Bxf4 Be6 13. Nf3 Nxf3+ 14. Qxf3 Bxa2 15.
Rxa2 Rb8 16. Ne2 Rb6 17. Ng3 Re8 18. Nf5 Bf8 19. Bg5 d5 20. Nh6+ gxh6 21. Bxf6
Rxf6 22. Qxf6 Qxf6 23. Rxf6 dxe4 24. dxe4 Rxe4 25. Rxa6 Re2 26. c3 f5 27. Kf1
Rc2 28. Rb6 Bg7 29. Rxb5 Bxc3 30. Rxc5 Rxb2 31. Rxb2 Bxb2 1-0

[Event "SV Turm Kamp-Lintfort 1 - Ratinger SK 1"]
[Site "NRW-Klasse - Gruppe 3 2021/20"]
[Date "2021.12.19"]
[Round "3.2"]
[White "Schneider, Christoph"]
[Black "Probst, Andreas"]
[Result "1-0"]
[WhiteElo "2158"]
[BlackElo "2148"]
[PlyCount "71"]
[EventDate "2021.??.??"]
[SourceVersionDate "2020.03.16"]
[WhiteTeam "SV Turm Kamp-Lintfort 1"]
[BlackTeam "Ratinger SK 1"]

1. e4 c5 2. Nc3 e6 3. g3 a6 4. Bg2 d6 5. d3 Nf6 6. f4 Nc6 7. Nf3 Qc7 8. O-O Be7
9. h3 O-O 10. g4 Re8 11. Ne2 b5 12. Ng3 Bf8 13. c3 Bb7 14. Qe2 Rac8 15. Bd2 Nd7
16. h4 d5 17. e5 d4 18. h5 Nb6 19. Ne4 Red8 20. h6 g6 21. Nf6+ Kh8 22. f5 c4
23. fxe6 cxd3 24. Qe1 dxc3 25. bxc3 Bc5+ 26. Kh1 fxe6 27. Ng5 Na5 28. Nfe4 Bxe4
29. Qxe4 Rd7 30. Nxe6 Qb8 31. Nxc5 Rxc5 32. e6 Rdd5 33. Bf4 Qe8 34. Be3 Rc4 35.
Qf3 Kg8 36. Bxb6 1-0

[Event "SV Turm Kamp-Lintfort 1 - Ratinger SK 1"]
[Site "NRW-Klasse - Gruppe 3 2021/20"]
[Date "2021.12.19"]
[Round "3.3"]
[White "Gatterer, Matthias"]
[Black "Hagen, Gunter"]
[Result "1/2-1/2"]
[WhiteElo "1982"]
[BlackElo "2122"]
[PlyCount "32"]
[EventDate "2021.??.??"]
[SourceVersionDate "2020.03.16"]
[WhiteTeam "Ratinger SK 1"]
[BlackTeam "SV Turm Kamp-Lintfort 1"]

1. d4 Nf6 2. Nf3 b6 3. g3 Bb7 4. Bg2 e6 5. O-O Be7 6. c4 O-O 7. Nc3 Ne4 8. Nxe4
Bxe4 9. Ne1 Bxg2 10. Kxg2 d5 11. Qd3 c5 12. dxc5 dxc4 13. Qxc4 Bxc5 14. Nd3 Qd4
15. Qxd4 Bxd4 16. Bd2 Nd7 1/2-1/2

[Event "SV Turm Kamp-Lintfort 1 - Ratinger SK 1"]
[Site "NRW-Klasse - Gruppe 3 2021/20"]
[Date "2021.12.19"]
[Round "3.4"]
[White "Westermann, Johannes"]
[Black "Liedtke, Dirk"]
[Result "1/2-1/2"]
[WhiteElo "2006"]
[BlackElo "2100"]
[PlyCount "53"]
[EventDate "2021.??.??"]
[SourceVersionDate "2020.03.16"]
[WhiteTeam "SV Turm Kamp-Lintfort 1"]
[BlackTeam "Ratinger SK 1"]

1. d4 Nf6 2. c4 g6 3. Nc3 Bg7 4. e4 O-O 5. Nf3 c5 6. d5 e6 7. Be2 exd5 8. exd5
d6 9. O-O Na6 10. Bf4 Nc7 11. Qd2 Re8 12. Bd3 b5 13. Rae1 bxc4 14. Bxc4 Rb8 15.
b3 Bf5 16. Rxe8+ Ncxe8 17. Re1 Qa5 18. Ne2 Qxd2 19. Bxd2 Ne4 20. Ba5 Bf6 21.
Ng3 Nxg3 22. hxg3 Bd7 23. Nd2 Kf8 24. Ne4 Bd8 25. Bd2 Kg7 26. Bc3+ Kf8 27. Bd2
1/2-1/2

[Event "SV Turm Kamp-Lintfort 1 - Ratinger SK 1"]
[Site "NRW-Klasse - Gruppe 3 2021/20"]
[Date "2021.12.19"]
[Round "3.5"]
[White "Katz, Rafael"]
[Black "Nurkowski-Buerkle, Rüdiger"]
[Result "0-1"]
[WhiteElo "1955"]
[BlackElo "1999"]
[PlyCount "106"]
[EventDate "2021.??.??"]
[SourceVersionDate "2020.03.16"]
[WhiteTeam "Ratinger SK 1"]
[BlackTeam "SV Turm Kamp-Lintfort 1"]

1. d4 d5 2. Bf4 c6 3. Nd2 Bf5 4. e3 Nd7 5. Ngf3 h6 6. c4 e6 7. Qb3 Qb6 8. c5
Qxb3 9. axb3 a6 10. b4 Ngf6 11. h3 Be7 12. Nb3 O-O 13. Na5 Ra7 14. Be2 Bd8 15.
Nb3 Bc2 16. Na5 Bxa5 17. bxa5 Re8 18. O-O Be4 19. Ne5 Nxe5 20. Bxe5 Bg6 21. Ra4
Rc8 22. Rb4 Ne8 23. Rb6 Nc7 24. Rd1 Bc2 25. Rd2 Ba4 26. g4 Bb5 27. Bxc7 Rxc7
28. Bd1 Rd7 29. Bc2 Kf8 30. f4 Ke7 31. Rf2 Ra8 32. Kg2 Kd8 33. h4 Kc7 34. Kg3
f6 35. Bg6 Re7 36. h5 Rd8 37. g5 e5 38. fxe5 fxe5 39. gxh6 gxh6 40. b3 exd4 41.
exd4 Re3+ 42. Kg2 Re2 43. Rxe2 Bxe2 44. Rb4 Bb5 45. Kg3 Rf8 46. Kg4 Kd8 47. Kg3
Ke7 48. Kg2 Rf4 49. Kg3 Rf1 50. Kg2 Re1 51. Bf5 Kf6 52. Bc8 Re7 53. Kg3 Kg5 0-1

[Event "SV Turm Kamp-Lintfort 1 - Ratinger SK 1"]
[Site "NRW-Klasse - Gruppe 3 2021/20"]
[Date "2021.12.19"]
[Round "3.6"]
[White "Bosser, Heinz-Dieter"]
[Black "Krueger, Norbert"]
[Result "1/2-1/2"]
[WhiteElo "2004"]
[BlackElo "1963"]
[PlyCount "38"]
[EventDate "2021.??.??"]
[SourceVersionDate "2020.03.16"]
[WhiteTeam "SV Turm Kamp-Lintfort 1"]
[BlackTeam "Ratinger SK 1"]

1. d4 d5 2. c4 e6 3. Nc3 Nf6 4. Bg5 Be7 5. e3 O-O 6. Nf3 h6 7. Bh4 b6 8. cxd5
Nxd5 9. Bxe7 Qxe7 10. Nxd5 exd5 11. Rc1 Be6 12. Be2 c5 13. Qa4 Rc8 14. Qa3 a6
15. O-O Nd7 16. Rfd1 Kf8 17. dxc5 bxc5 18. Kf1 Nf6 19. h3 Ne4 1/2-1/2

[Event "SV Turm Kamp-Lintfort 1 - Ratinger SK 1"]
[Site "NRW-Klasse - Gruppe 3 2021/20"]
[Date "2021.12.19"]
[Round "3.7"]
[White "Welling, Christopher"]
[Black "Esser, Jochen"]
[Result "1/2-1/2"]
[WhiteElo "1951"]
[BlackElo "1940"]
[PlyCount "91"]
[EventDate "2021.??.??"]
[SourceVersionDate "2020.03.16"]
[WhiteTeam "Ratinger SK 1"]
[BlackTeam "SV Turm Kamp-Lintfort 1"]

1. e4 e5 2. Bc4 Nf6 3. d4 exd4 4. Nf3 Nc6 5. O-O Nxe4 6. Re1 d5 7. Bxd5 Qxd5 8.
Nc3 Qh5 9. Nxe4 Be6 10. Bg5 Bb4 11. c3 dxc3 12. bxc3 Ba5 13. Qd2 h6 14. Bh4 O-O
15. Rad1 Bg4 16. Ng3 Qc5 17. Ne4 Qh5 18. Ng3 Qg6 19. Kh1 Rfe8 20. h3 Bxf3 21.
gxf3 Ne5 22. Qd5 Qc6 23. Rxe5 Rxe5 24. Qxe5 Qxf3+ 25. Kg1 Qxd1+ 26. Kh2 Qd6 27.
Qxa5 Re8 28. Qa4 Re6 29. Qb5 b6 30. Kg2 g5 31. Nf5 Qe5 32. Nxh6+ Kg7 33. Qxe5+
Rxe5 34. Ng4 Rc5 35. Bg3 f5 36. Be5+ Kg6 37. Bd4 fxg4 38. Bxc5 gxh3+ 39. Kxh3
bxc5 40. Kg4 Kf6 41. f4 gxf4 42. Kxf4 Ke6 43. Ke4 Kd6 44. c4 Ke6 45. Kf4 Kf6
46. Ke4 1/2-1/2

[Event "SV Turm Kamp-Lintfort 1 - Ratinger SK 1"]
[Site "NRW-Klasse - Gruppe 3 2021/20"]
[Date "2021.12.19"]
[Round "3.8"]
[White "Schubert, Mario"]
[Black "Meyer, Stefan"]
[Result "1/2-1/2"]
[WhiteElo "1840"]
[BlackElo "1715"]
[PlyCount "50"]
[EventDate "2021.??.??"]
[SourceVersionDate "2020.03.16"]
[WhiteTeam "SV Turm Kamp-Lintfort 1"]
[BlackTeam "Ratinger SK 1"]

1. e4 Nf6 2. e5 Nd5 3. c4 Nb6 4. d4 d6 5. exd6 exd6 6. Nf3 Be7 7. h3 O-O 8. Bd3
d5 9. c5 N6d7 10. Nc3 c6 11. Qc2 Nf6 12. Bf4 Re8 13. O-O Nbd7 14. b4 Nf8 15.
Rfe1 N6d7 16. Re2 Ng6 17. Bh2 Ndf8 18. Rd1 Be6 19. b5 Qd7 20. bxc6 bxc6 21. Rb1
Bd8 22. Bd6 Be7 23. Bh2 Bd8 24. Bd6 Be7 25. Bh2 Bd8 1/2-1/2